00727nam a22002177a 450000500170000001000140001702000260003103500130005703700130007008200100008310000240009324500930011725000120021026000420022227000380026430000320030270000090033494200240034399900170036795201250038420100806154617.0 aENG-98719 c175.00a9788180546044 aEN-82251 bDBAD/PUB a174.4 aTayal, B. B. 98141 apolitics ethics and social reponsibility of business /cby B. B. Tayal [and] C. B. Gupta a3rd ed. aNew Delhi bSultan Chand & sonsc2009 a23, DaryaganjbNew Delhi e110002 axii, 322 p. c24 cm. (Pbk) 97380 2ddccENh174.4mTAY c39932d39932 001040718NFICaDBADbDBADd2010-08-06g175.00l0o174.4 TAYpEN-82251r2010-08-06 00:00:00t1v175.00w2010-08-06yEN